[Event "It (open) \"]
[Site "masterchessopen.com Moscow (Russia)"]
[Date "2006.02.08"]
[Round "2"]
[White "Multhopp Hans (USA)"]
[Black "Rodchenkov Vitaly (RUS)"]
[Result "0-1"]
[WhiteElo "2179"]
[BlackElo "2372"]

1.e4 c5 2.Nf3 Nc6 3.d4 cxd4 4.Nxd4 g6 5.c4 Bg7 6.Nc2 Nf6 7.Nc3 O-O 8.Be2 b6
9.O-O Bb7 10.b3 d6 11.Rb1 Nd7 12.Bb2 Nc5 13.f3 a5 14.Qd2 Ne6 15.Nd5 Bxb2
16.Rxb2 Nc5 17.Qc3 f5 18.exf5 gxf5 19.Rd1 e6 20.Nde3 Qe7 21.Na3 f4 22.Nf1 e5
23.Nb5 Rad8 24.Rbd2 Rf6 25.Bd3 Ba6 26.Be4 Bxb5 27.Bd5+ Kh8 28.cxb5 Nd4 29.Rxd4
exd4 30.Qxd4 Qe5 31.Qf2 Re8 32.Qd2 Re7 33.Bc4 Rg6 {#R} 0-1

[Event "It (open)"]
[Site "masterchessopen.com Bar (Yugoslavia)"]
[Date "2006.03.18"]
[Round "1"]
[White "Runic Zoran (BIH)"]
[Black "Bojovic Dusan (SRB)"]
[Result "1-0"]
[WhiteElo "2418"]
[BlackElo "2188"]

1.e4 c5 2.Nf3 Nc6 3.d4 cxd4 4.Nxd4 g6 5.c4 Bg7 6.Nc2 Nf6 7.Nc3 d6 8.Be2 O-O
9.O-O a5 10.Bg5 a4 11.Qd2 Nd7 12.Kh1 Qa5 13.Bh6 a3 14.Bxg7 axb2 15.Rab1 Kxg7
16.Rxb2 Nc5 17.Rb5 Qc7 18.f4 Na7 19.Rbb1 Qa5 20.Qe3 Bd7 21.f5 Nc6 22.f6+ exf6
23.Nd5 Qd8 24.Nxf6 Rxa2 25.Nb4 Nxb4 26.Qc3 Ne6 27.Rxb4 Rxe2 28.Nxd7+ f6
29.Nxf8 Qxf8 30.Rxb7+ Kg8 31.Qh3 Ng5 32.Qb3 Qh6 33.c5+ {#r} 1-0

[Event "Ch Russia (juniors) (under 12)"]
[Site "masterchessopen.com Dagomys (Russia)"]
[Round "1"]
[White "Yudin Maksim (RUS)"]
[Black "Bukavshin Ivan (RUS)"]
[Result "0-1"]
[WhiteElo "2130"]
[BlackElo "2251"]

1.e4 c5 2.Nf3 Nc6 3.d4 cxd4 4.Nxd4 g6 5.c4 Bg7 6.Nc2 Nf6 7.Nc3 d6 8.Be2 Nd7
9.Bd2 O-O 10.O-O Nc5 11.b4 Ne6 12.Rb1 Ncd4 13.Be3 Nxe2+ 14.Nxe2 b6 15.Ncd4 Bb7
16.f3 Rc8 17.Rc1 Qd7 18.Qb3 Kh8 19.Rfd1 Nxd4 20.Nxd4 Rfd8 21.a3 Ba6 22.b5 Bb7
23.Nc2 f5 24.exf5 gxf5 25.Ne1 Qe8 26.Bd4 e5 27.Bb2 Qg6 28.Rc2 Qe6 29.a4 Bf6
30.Kh1 h5 {#R} 0-1

[Event "Ch Russia (juniors) (under 16) (g)"]
[Site "masterchessopen.com Dagomys (Russia)"]
[Round "1"]
[White "Gaprindashvili Nona (RUS)"]
[Black "Samokhina Sofia (RUS)"]
[Result "1-0"]
[WhiteElo "2013"]
[BlackElo "1975"]

1.e4 c5 2.Nf3 Nc6 3.d4 cxd4 4.Nxd4 g6 5.c4 Bg7 6.Nc2 Nf6 7.Nc3 O-O 8.Be2 b6
9.O-O Bb7 10.Be3 Rc8 11.f3 Ne5 12.b3 d6 13.Qd2 Nfd7 14.Bd4 Nc5 15.f4 Ned7
16.Bxg7 Kxg7 17.Qd4+ Kg8 18.Nd5 Bxd5 19.exd5 a5 20.Qe3 Re8 21.Rad1 Qc7 22.Nd4
Nf6 23.f5 Nfd7 24.Rf3 Kg7 25.Rh3 Nf6 26.Qh6+ Kg8 27.g4 Nce4 28.fxg6 fxg6
29.Ne6 {#r} 1-0

[Event "Ch Russia (juniors) (under 16) (g)"]
[Site "masterchessopen.com Dagomys (Russia)"]
[Round "8"]
[White "Kritskaya Anna (RUS)"]
[Black "Samokhina Sofia (RUS)"]
[Result "1-0"]
[WhiteElo "1959"]
[BlackElo "1975"]

1.e4 c5 2.Nf3 Nc6 3.d4 cxd4 4.Nxd4 g6 5.c4 Bg7 6.Nc2 d6 7.Be2 f5 8.exf5 Bxf5
9.Ne3 Bd7 10.O-O Nh6 11.Nd5 O-O 12.Nd2 Nf5 13.Nf3 Rc8 14.Re1 Ne5 15.Nxe5 Bxe5
16.Bd3 e6 17.Bxf5 Rxf5 18.Ne3 Rf4 19.Ng4 Rfxc4 20.Nxe5 dxe5 21.Rxe5 Qc7 22.Re1
Rh4 23.g3 Rh5 24.Bf4 Qd8 25.Qe2 Qf6 26.Rad1 Qf7 27.Rd2 Re8 28.Be5 Bc6 29.f4 g5
30.Rf1 Qg6 {#r} 1-0

[Event "Ch Russia (juniors) (under 16) (g)"]
[Site "masterchessopen.com Dagomys (Russia)"]
[Round "9"]
[White "Salnikova Oksana (RUS)"]
[Black "Rumiantseva Maria (RUS)"]
[Result "0-1"]
[WhiteElo "2093"]
[BlackElo "2053"]

1.e4 c5 2.Nf3 g6 3.d4 cxd4 4.Nxd4 Bg7 5.c4 Nc6 6.Nc2 Nh6 7.Be2 O-O 8.O-O f5
9.Nc3 d6 10.Be3 f4 11.Bd2 Ne5 12.f3 e6 13.Qc1 g5 14.Kh1 Qe8 15.Nb5 Qh5 16.Nxd6
Rf6 {#R} 0-1

[Event "Turkish Is Bank League"]
[Site "masterchessopen.com Marmaris (Turkey)"]
[Date "2006.04.18"]
[Round "0"]
[White "Firat Burak (TUR)"]
[Black "Kuzubov Yuriy (UKR)"]
[Result "0-1"]
[WhiteElo "2115"]
[BlackElo "2559"]

1.e4 c5 2.Nf3 Nc6 3.d4 cxd4 4.Nxd4 g6 5.c4 Bg7 6.Nc2 Nf6 7.Nc3 O-O 8.Be2 d6
9.O-O a6 10.Rb1 Be6 11.b3 Qa5 12.Bb2 Rfc8 13.Ne3 Rab8 14.a3 Qd8 15.Ned5 Na5
16.Nf4 Bd7 17.Ncd5 Nxd5 18.cxd5 Bxb2 19.Rxb2 Qb6 20.Qb1 Rc3 21.b4 Nc4 22.Bxc4
Rxc4 23.Qd3 Rbc8 24.h4 Bb5 25.a4 Rc3 26.Qd2 Bxf1 27.Kxf1 Rc1+ 28.Ke2 Qc7 {#R}
0-1

[Event "Ch Euskadi"]
[Site "masterchessopen.com Amorebieta (Spain)"]
[Date "2006.04.22"]
[Round "6"]
[White "Salinero De Prado Juan M (ESP)"]
[Black "Huerga Leache Mikel (ESP)"]
[Result "0-1"]
[WhiteElo "2155"]
[BlackElo "2315"]

1.e4 c5 2.c4 Nc6 3.Nf3 g6 4.d4 cxd4 5.Nxd4 Bg7 6.Nc2 Nf6 7.Nc3 O-O 8.Be2 d6
9.O-O b6 10.Be3 Bb7 11.f3 Rc8 12.Qd2 Ne5 13.b3 a6 14.Rac1 Qc7 15.Na4 Nfd7
16.Qb4 Nc6 17.Qe1 e6 18.Qf2 Nc5 19.Rfd1 f5 20.Nxb6 Rcd8 21.Bxc5 dxc5 22.Qxc5
fxe4 23.fxe4 Be5 24.h3 Nd4 {#R} 0-1

[Event "Ch World (schools)"]
[Site "masterchessopen.com Kallithea (Greece)"]
[Date "2006.04.27"]
[Round "3"]
[White "Bulmaga Irina (MDA)"]
[Black "Kountardas Panagiotis (GRE)"]
[Result "1-0"]
[WhiteElo "2081"]
[BlackElo "1748"]

1.e4 c5 2.Nf3 g6 3.c4 Bg7 4.d4 cxd4 5.Nxd4 Nc6 6.Nc2 d6 7.Be2 Nf6 8.Nc3 O-O
9.O-O Be6 10.Rb1 Nd7 11.Be3 Bxc3 12.bxc3 b6 13.Nd4 Nce5 14.Bh6 Re8 15.f4 Bxc4
16.fxe5 Bxe2 17.Qxe2 Nxe5 18.Qf2 Qc7 19.Nf3 Ng4 20.Qh4 Qc5+ 21.Kh1 Nxh6
22.Qxh6 f6 23.Nd4 Qe5 24.Rbe1 Rac8 25.Re3 Rf8 26.h4 Qa5 27.Ne6 Rf7 28.Rg3 Rxc3
29.Rxg6+ hxg6 30.Qxg6+ Kh8 31.Qxf7 Rg3 32.Qf8+ Kh7 33.Qxe7+ {#r} 1-0

[Event "It (open) \"]
[Site "masterchessopen.com Athens (Greece)"]
[Date "2006.05.06"]
[Round "1"]
[White "Tsiamis Konstantinos (GRE)"]
[Black "Lagos Thomas (GRE)"]
[Result "1-0"]
[WhiteElo "2311"]
[BlackElo "1732"]

1.e4 c5 2.Nf3 Nc6 3.d4 cxd4 4.Nxd4 g6 5.c4 Bg7 6.Nc2 d6 7.Be2 Qb6 8.Nc3 Bxc3+
9.bxc3 Nf6 10.f3 Qc7 11.Bh6 Be6 12.Ne3 Ne5 13.f4 Nc6 14.f5 gxf5 15.exf5 Bd7
16.Bg7 Rg8 17.Bxf6 exf6 18.Nd5 Qd8 19.Qd2 Rg5 20.O-O Ne5 21.h4 Rxf5 22.Rxf5
Bxf5 23.Rf1 Be6 24.Nxf6+ Ke7 25.Qg5 Rc8 26.Rd1 h6 27.Qxh6 Qh8 28.Nd5+ Bxd5
29.Qxh8 Rxh8 30.Rxd5 Rxh4 31.c5 Nc4 32.g3 Re4 33.Bd3 Rg4 34.Kf2 Na5 35.cxd6+
{#r} 1-0

[Event "It (open)"]
[Site "masterchessopen.com Ditzingen (Germany)"]
[Date "2006.05.27"]
[Round "6"]
[White "Brustman Agnieszka (POL)"]
[Black "Kues Hendrik (GER)"]
[Result "0-1"]
[WhiteElo "2344"]
[BlackElo "2243"]

1.e4 c5 2.Nf3 Nc6 3.d4 cxd4 4.Nxd4 g6 5.c4 Bg7 6.Nc2 Nf6 7.Nc3 d6 8.Be2 Nd7
9.O-O O-O 10.f3 Bxc3 11.bxc3 Qa5 12.Bd2 Qa4 13.Qb1 Nde5 14.Ne3 Be6 15.c5 dxc5
16.Qxb7 c4 17.Qb1 Rfd8 18.Qd1 Qa3 19.Qc2 Nd3 20.Nd1 Rab8 21.Be3 Rb7 22.f4 Qa5
23.Bf3 Rdb8 24.h3 Nb2 25.Nf2 Na4 26.Nd1 Nb2 27.Bd4 Nxd4 28.cxd4 Nxd1 29.Qxd1
c3 30.d5 Bd7 31.Rc1 Qc5+ 32.Kh1 Rb2 33.Re1 {#R} 0-1

[Event "Memorial R.Nezhmetdinov"]
[Site "masterchessopen.com Kazan (Russia)"]
[Date "2006.06.01"]
[Round "1"]
[White "Voitsekhovsky Stanislav (RUS)"]
[Black "Dimukhametov Artur (RUS)"]
[Result "1-0"]
[WhiteElo "2492"]
[BlackElo "2211"]

1.e4 c5 2.Nf3 Nc6 3.d4 cxd4 4.Nxd4 g6 5.c4 Bg7 6.Nc2 Nf6 7.Nc3 O-O 8.Be2 d6
9.O-O Be6 10.Bd2 Nd7 11.Kh1 Nc5 12.f3 a5 13.Be1 a4 14.Qd2 Qb6 15.Na3 Nd4
16.Rc1 Rfc8 17.Bh4 Nc6 18.Rfe1 Nd7 19.Nab5 Bf6 20.Bxf6 Nxf6 21.Bf1 Qa5 22.b3
axb3 23.axb3 Qb4 24.Rb1 Na7 25.Nd4 b5 26.Nxe6 fxe6 27.e5 Nd5 28.cxd5 Qxc3
29.Qg5 Re8 30.exd6 exd6 31.dxe6 Qc5 32.Qxc5 dxc5 33.Ra1 b4 34.Ra6 {#r} 1-0

[Event "Cup North Sea (open)"]
[Site "masterchessopen.com Esbjerg (Denmark)"]
[Date "2006.07.08"]
[Round "1"]
[White "Berg Soren"]
[Black "Kovshoj Sune (DEN)"]
[Result "1-0"]
[WhiteElo "2136"]
[BlackElo "2046"]

1.e4 c5 2.Nf3 g6 3.d4 cxd4 4.Nxd4 Bg7 5.c4 Nc6 6.Nc2 Nf6 7.Nc3 d6 8.Be2 O-O
9.O-O Bd7 10.Be3 Rc8 11.f4 Na5 12.b3 Ng4 13.Bxg4 Bxc3 14.Bxd7 Qxd7 15.Rc1 Nc6
16.Nd4 Bxd4 17.Bxd4 Nxd4 18.Qxd4 b6 19.Rcd1 Rcd8 20.Rf3 Qc7 21.Qa1 Qc6 22.Qb1
Rc8 23.Qd3 Qc5+ 24.Kh1 a6 25.f5 b5 26.cxb5 axb5 27.f6 e6 28.Rdf1 Qc2 29.Qe3
{#r} 1-0

[Event "Ch Norway (kl. kadett A)"]
[Site "masterchessopen.com Moss (Norway)"]
[Date "2006.07.13"]
[Round "7"]
[White "Hagen Anders Gjerdum (NOR)"]
[Black "Hindenes Andreas K"]
[Result "1-0"]
[WhiteElo "1965"]
[BlackElo "1309"]

1.e4 c5 2.Nf3 Nc6 3.d4 cxd4 4.Nxd4 g6 5.c4 Bg7 6.Nc2 Nf6 7.Nc3 O-O 8.Be2 d6
9.O-O a5 10.Be3 Nd7 11.Qd2 Re8 12.Na3 Nc5 13.Nab5 Bd7 14.Rfd1 b6 15.f4 Qc8
16.h3 Bh6 17.Bf3 Nb4 18.Rab1 Bxb5 19.cxb5 Qe6 20.a3 Na2 21.Nd5 Nxe4 22.Qd3 Nc5
23.Bxc5 dxc5 24.Nc7 {#r} 1-0

[Event "It (open) \"]
[Site "masterchessopen.com Rodatychi (Ukraine)"]
[Date "2006.08.30"]
[Round "6"]
[White "Nester Igor (UKR)"]
[Black "Goncharov Oleh (UKR)"]
[Result "1-0"]
[WhiteElo "2420"]
[BlackElo "2291"]

1.Nf3 c5 2.c4 Nc6 3.d4 cxd4 4.Nxd4 g6 5.e4 Bg7 6.Nc2 d6 7.Be2 f5 8.exf5 Bxf5
9.O-O Nh6 10.Ne3 O-O 11.Nxf5 Nxf5 12.Bf3 Nfd4 13.Be4 e6 14.Nc3 Qa5 15.Bd2 Qc5
16.b3 Rac8 17.Rc1 a6 18.Be3 Qe5 19.Qd2 Rf7 20.Rfd1 Rd8 21.Re1 Qa5 22.Bxc6 Nxc6
23.Ne4 Qxd2 24.Bxd2 h6 25.Bc3 Bxc3 26.Rxc3 d5 27.Nc5 d4 28.Rg3 e5 29.Nxb7 Rxb7
30.Rxg6+ Kh7 31.Rxc6 d3 32.Re6 d2 33.Rd1 a5 34.Rxe5 a4 35.Re3 axb3 36.axb3 Ra7
37.Kf1 {#r} 1-0

[Event "Ch Europe (juniors) (under 12)"]
[Site "masterchessopen.com Herceg Novi (Montenegro)"]
[Date "2006.09.12"]
[Round "3"]
[White "Giri Anish (NED)"]
[Black "Apresyan Zohrak (ARM)"]
[Result "1-0"]
[WhiteElo "2183"]
[BlackElo "2185"]

1.e4 c5 2.Nf3 Nc6 3.d4 cxd4 4.Nxd4 g6 5.c4 Bg7 6.Nc2 Nf6 7.Nc3 d6 8.Be2 O-O
9.O-O b6 10.Be3 Bb7 11.f3 Rc8 12.Qd2 Ne5 13.b3 Re8 14.Rfd1 Qc7 15.Rac1 Qb8
16.Nd5 Bxd5 17.cxd5 Rc7 18.Bb5 Nfd7 19.h3 a6 20.Bxa6 Nc5 21.Bb5 Ned7 22.b4 Nb7
23.Nd4 Bxd4 24.Bxd4 Nd8 25.Rxc7 Qxc7 26.Qc3 Qb7 27.Rc1 e5 28.Be3 Re7 29.Qc8
Qxc8 30.Rxc8 {#r} 1-0

[Event "Cup European Club"]
[Site "masterchessopen.com Fuegen (Austria)"]
[Date "2006.10.09"]
[Round "2"]
[White "Chocenka Dmitrijus (LTU)"]
[Black "Hardarson Robert (ISL)"]
[Result "1-0"]
[WhiteElo "2272"]
[BlackElo "2310"]

1.c4 c5 2.Nf3 Nc6 3.d4 cxd4 4.Nxd4 g6 5.e4 Bg7 6.Nc2 Nf6 7.Nc3 O-O 8.Be2 d6
9.O-O Bd7 10.Be3 Rc8 11.f3 Ne5 12.b3 a6 13.a4 Qa5 14.b4 Qc7 15.Na3 a5 16.b5 b6
17.Rc1 Qb7 18.Qd2 Be6 19.Nd5 Bxd5 20.cxd5 Ned7 21.Rc6 Nc5 22.Bxc5 dxc5 23.e5
Nd7 24.f4 Rfd8 25.Bf3 g5 26.g3 gxf4 27.gxf4 Kh8 28.Nc4 Qb8 29.Qe2 Rg8 30.Kh1
f6 31.Be4 Nf8 32.Qh5 f5 33.Qxf5 {#r} 1-0

[Event "Memorial Vasylyshyn (cat.8)"]
[Site "masterchessopen.com Lvov (Ukraine)"]
[Date "2006.10.11"]
[Round "7"]
[White "Nester Igor (UKR)"]
[Black "Zherebukh Yaroslav (UKR)"]
[Result "0-1"]
[WhiteElo "2420"]
[BlackElo "2321"]

1.Nf3 c5 2.c4 Nc6 3.d4 cxd4 4.Nxd4 g6 5.e4 Bg7 6.Nc2 Nf6 7.Nc3 d6 8.Be2 O-O
9.O-O a6 10.Be3 Be6 11.b3 Rc8 12.Rc1 Re8 13.Ne1 Qa5 14.h3 b5 15.f4 b4 16.Na4
Nxe4 17.Bb6 Qf5 18.Bd3 d5 19.Nc2 Qf6 20.cxd5 Bxd5 21.Ne3 e6 22.Nxd5 exd5
23.Bxa6 Rb8 24.Bc7 Nd4 25.Qd3 Ra8 26.Bb7 Ra7 27.Bxd5 Ng3 28.Be5 Nde2+ 29.Kh2
Nxf1+ 30.Rxf1 Rxe5 {#R} 0-1

[Event "Ch France (team) (nat.2) 2006/07"]
[Site "masterchessopen.com France"]
[Date "2006.10.15"]
[Round "1"]
[White "Oliveira Sancho (FRA)"]
[Black "Diaz Mickael (FRA)"]
[Result "1-0"]
[WhiteElo "2212"]
[BlackElo "2228"]

1.e4 c5 2.Nf3 Nc6 3.d4 cxd4 4.Nxd4 g6 5.c4 Bg7 6.Nc2 Nf6 7.Nc3 O-O 8.Be2 b6
9.O-O Bb7 10.Be3 Rc8 11.b3 Ne8 12.Nd4 Nc7 13.Rc1 Ne6 14.Nf3 f5 15.exf5 gxf5
16.Nd5 Nc5 17.b4 Ne4 18.Ng5 Ne5 19.Nxe4 fxe4 20.Qb3 e6 21.Nf4 Rf5 22.c5 bxc5
23.Rxc5 Rxc5 24.bxc5 Bc6 25.Rd1 Qe8 26.Bb5 Bxb5 27.Qxb5 Qc8 28.h3 Rf7 29.Qb4
Qa8 30.Nh5 Nd3 31.Qb3 Be5 32.f3 Nb2 33.Rd2 Rf5 34.Rxb2 Bxb2 35.Ng3 Qd5 36.Nxf5
Qxb3 37.Nh6+ Kg7 38.axb3 {#r} 1-0

[Event "Czech League 2006/07 (krajsky prebor)"]
[Site "masterchessopen.com Czech Republic"]
[Date "2006.10.22"]
[Round "0"]
[White "Micka Jaroslav (CZE)"]
[Black "Pardy Martin (CZE)"]
[Result "1-0"]
[WhiteElo "1909"]
[BlackElo "1997"]

1.e4 c5 2.Nf3 Nc6 3.d4 cxd4 4.Nxd4 g6 5.c4 Bg7 6.Nc2 Nf6 7.Nc3 O-O 8.Be2 d6
9.O-O Be6 10.Rb1 Rc8 11.b3 a6 12.Be3 Ng4 13.Bd2 Nh6 14.Qc1 Ng4 15.Qd1 Nf6
16.Be3 Nd7 17.Qd2 b5 18.cxb5 Nb4 19.Nd4 axb5 20.Nxe6 fxe6 21.Nxb5 Qa5 22.a3
Rc2 23.Qd1 {#r} 1-0

[Event "Ch France (team) (juniors) (under 20)"]
[Site "masterchessopen.com France"]
[Date "2006.11.11"]
[Round "2"]
[White "Netzer Jacques (FRA)"]
[Black "Le Moizan Thibault (FRA)"]
[Result "1-0"]
[WhiteElo "1955"]
[BlackElo "1887"]

1.e4 c5 2.Nf3 Nc6 3.d4 cxd4 4.Nxd4 g6 5.c4 Bg7 6.Nc2 Nf6 7.Nc3 O-O 8.Be2 d6
9.O-O a6 10.Bg5 Be6 11.Qd2 Ne5 12.b3 Ned7 13.Rac1 Nc5 14.f3 Bd7 15.Nd5 Nxd5
16.exd5 b5 17.Nd4 Rb8 18.b4 Na4 19.c5 dxc5 20.bxc5 Rc8 21.d6 f6 22.Be3 e5
23.Nb3 Bc6 24.Na5 Qd7 25.Bd1 Rfe8 26.Bb3+ Kh8 27.Bd5 Bxd5 28.Qxd5 Bf8 29.Nb7
Red8 30.c6 {#r} 1-0

[Event "Ch Spain (open)"]
[Site "masterchessopen.com Leon (Spain)"]
[Date "2006.11.24"]
[Round "3"]
[White "Lacasa Diaz Jose Antonio (ESP)"]
[Black "Moreno Ruiz Javier (ESP)"]
[Result "0-1"]
[WhiteElo "2410"]
[BlackElo "2470"]

1.e4 c5 2.Nf3 Nc6 3.d4 cxd4 4.Nxd4 g6 5.c4 Bg7 6.Nc2 d6 7.Be2 f5 8.exf5 Bxf5
9.O-O Nh6 10.Nc3 O-O 11.Be3 Bxc2 12.Qxc2 Nf5 13.Bd2 e6 14.Rad1 Nfd4 15.Qc1 Qa5
16.Bh6 Qxc3 {#R} 0-1

[Event "It (open)"]
[Site "masterchessopen.com Singapore"]
[Date "2006.12.27"]
[Round "3"]
[White "Ni Hua (CHN)"]
[Black "Ranola Yves (PHI)"]
[Result "1-0"]
[WhiteElo "2621"]
[BlackElo "2414"]

{ } 1.e4 c5 2.Nf3 g6 3.d4 cxd4 4.Nxd4 Bg7 5.c4 Nc6 6.Nc2 { ? } 6...b6 (
6...Nf6 7.Nc3 O-O 8.Be2 d6 9.O-O Nd7 10.Bd2 Nc5 11.b4 Ne6 12.Rc1 Ned4 13.Nxd4
Nxd4 14.Be3 Nxe2+ 15.Qxe2 b6 16.Rfd1 Bb7 17.Bd4 Bxd4 18.Rxd4 Qc7 19.h4 Rac8
20.h5 a6 21.Nd5 Bxd5 22.exd5 Rfe8 23.Re4 Qd7 24.Re1 b5 25.cxb5 axb5 26.h6 {
...1-0, Aronian Levon 2675 - Vorobiov Evgeny E 2524 , Moscow 24. 2.2004 It
(open) "Aeroflot" } ) ( 6...d6 7.Be2 Qb6 8.Nd2 Nh6 9.Nb3 O-O 10.Be3 Qd8 11.h3
Kh8 12.O-O Ng8 13.Ncd4 Bd7 14.Rc1 a5 15.f3 a4 16.Na1 f5 17.exf5 gxf5 18.f4
Nxd4 19.Bxd4 e5 20.Be3 Bc6 21.Nc2 Ne7 22.fxe5 dxe5 23.Qxd8 Raxd8 24.Bc5 Rd2
25.Rf2 Rf7 26.Bh5 { ...1-0, Pelletier Yannick 2624 - Ricardi Pablo 2532 , Bled
2002 Olympiad } ) 7.Be2 Bb7 ( 7...Ba6 8.O-O Rc8 9.Nd2 Nf6 10.b3 Qc7 11.f4 O-O
12.Bb2 b5 13.e5 Ne8 14.cxb5 Bxb5 15.Bxb5 Qb6+ 16.Ne3 Qxe3+ 17.Kh1 Nc7 18.Ba4
Ne6 19.Nc4 Qe4 20.Qxd7 Nb4 21.Rfe1 Qxf4 22.Rf1 Qg5 23.Rxf7 Nf4 24.g3 Kxf7
25.Nd6+ Kg8 26.gxf4 Qxf4 27.Nxc8 { ...0-1, Tal Mikhail N 2520 - Aronin Lev S
2420 , Yerevan 1962 Ch URS } ) 8.O-O Nf6 { N } ( 8...Rc8 9.f3 ( 9.Re1 Nf6
10.Bf1 O-O 11.Nc3 Ne8 12.Qd2 Nd6 13.b3 f5 14.exf5 Nxf5 15.Bb2 e6 16.Na4 Bxb2
17.Nxb2 Qf6 18.Nd3 g5 19.Rad1 Rf7 20.Ncb4 Nxb4 21.Nxb4 Rcf8 22.Nd3 Nh4 23.Ne5
Qxf2+ 24.Qxf2 Rxf2 25.Nxd7 R8f5 26.g3 Ng2 27.Re2 Rxe2 28.Bxe2 { ...1-0, Wegner
Hannu 2350 - Schlemmermeyer Wilhelm 2310 , Germany 1996 Bundesliga 1995/96 } )
9...Nf6 10.Nc3 O-O 11.Bg5 Ne8 12.Qd2 f5 13.Rad1 Nd6 14.Qxd6 exd6 15.Bxd8 Rfxd8
16.exf5 gxf5 17.Nb5 Bxb2 18.Nxd6 Rc7 19.Nxf5 Ne5 20.Nd6 Ba6 21.Rb1 Bc3 22.Rb3
Ba5 23.Na3 Rc6 24.Rd1 Rf8 25.Rd5 Rc5 26.Rd1 Rc6 27.g3 Rf6 28.Ne4 { ...1-0,
Nijboer Friso 2510 - Onoprienko Vladimir 2315 , Groningen 1994 It (open) } )
9.Nc3 O-O ( 9...Rc8 10.Bf4 d6 11.Na3 O-O 12.Qd2 Nd7 13.Bh6 Nc5 14.Rad1 a6
15.Bxg7 Kxg7 16.f4 Rc7 17.Nd5 Rd7 18.Qe3 e6 19.Nc3 Re8 20.Nc2 d5 21.cxd5 exd5
22.Nxd5 Rxe4 23.Qc3+ f6 24.Nde3 Ree7 25.Bf3 Ne4 26.Bxe4 Rxe4 27.Rxd7+ Qxd7
28.Rd1 Qf7 29.Nd5 { ...1/2-1/2, Stangl Markus 2478 - Heinatz Thomas 2281 ,
Germany 26.11.2004 Bundesliga 2004/05 } ) 10.Bg5 Rc8 11.f3 Na5 { -0.07 CAP N }
( 11...d6 12.Qd2 Qd7 13.Rad1 Rfd8 14.b3 Qe8 15.Rfe1 Qf8 16.Bf1 h6 17.Bh4 Kh7
18.Nd5 Ne8 19.f4 Rd7 20.Be2 e6 21.Nde3 Qh8 22.Rf1 Rdc7 23.Bg4 Bf6 24.Bg3 h5
25.Bf3 Kg8 26.Qe2 Rd8 27.Rd2 Rcc8 28.Rfd1 Be7 29.Qe1 Ba8 30.Bh4 Kf8 31.Bxe7+ {
...1/2-1/2, Kindermann Stefan 2535 - Tibensky Robert 2432 , Austria 20. 3.2005
Bundesliga 2004/05 } ) ( 11...h6 12.Be3 d6 13.Qd2 Kh7 14.Rfd1 Qc7 15.Rac1 Qb8
16.Nd5 Rfd8 17.b4 Ng8 18.Bf2 e6 19.Nde3 Bb2 20.Rb1 Bg7 21.Bh4 Nf6 22.Qe1 Ne5
23.Nd4 g5 24.Bf2 Ng6 25.Nb3 Nd7 26.Rbc1 Nde5 27.Bf1 Nf4 28.Bg3 Nh5 29.Bf2 Nf4
30.Nd4 Ned3 31.Bxd3 { ...1-0, Iordachescu Viorel 2561 - Mrdja Milan 2380 ,
Porto San Giorgio 2001 It (open) } ) ( 11...Ne8 12.Qd2 Nc7 13.Rad1 d6 14.Kh1
Ne6 15.Be3 f5 16.exf5 gxf5 17.f4 Kh8 18.Rfe1 Qd7 19.b3 Ncd8 20.Bf1 Nc5 21.Bd4
Rg8 22.Ne3 e6 23.b4 Ne4 24.Nxe4 Bxe4 25.Bxg7+ Qxg7 26.Qxd6 Nf7 27.Qxe6 Rc6
28.Qd7 Rxc4 29.Rd2 Rxb4 30.Nxf5 Qf6 31.Qe7 { ...1/2-1/2, Schlosser Philipp
2550 - Becerra Rivero Julio 2556 , Habana 1997 Memorial J.Capablanca (a) } )
12.Ne3 Ne8 13.Rc1 Nc7 14.b3 Ne6 15.Bh4 f5 { ?! } ( 15...Nc6 { !? } 16.Ned5
Bd4+ 17.Kh1 Bc5 18.Qd2 Ned4 { } ) 16.exf5 gxf5 17.Ned5 Nc6 18.Kh1 Rf7 19.Nb5
Qf8 20.f4 Bh6 21.Rc3 Nc5 22.Re3 Ne4 23.Bh5 Rg7 24.Bf3 Nc5 { ?! } ( 24...Kh8 {
!? } 25.Bxe4 fxe4 26.Rxe4 Qf5 27.Re2 Rf8 28.Bg3 { } ) 25.Nxa7 Nxa7 26.Bxe7 Qf7
27.Bxc5 bxc5 28.Ne7+ Kh8 29.Bxb7 Re8 30.Nxf5 { } {#r} 1-0

[Event "It (open) (b)"]
[Site "masterchessopen.com Nova Gorica (Slovenia)"]
[Date "2007.01.29"]
[Round "7"]
[White "Costariol Mario (ITA)"]
[Black "Bukovec Tina (SLO)"]
[Result "0-1"]
[WhiteElo "1787"]
[BlackElo "1925"]

1.e4 c5 2.Nf3 Nc6 3.d4 cxd4 4.Nxd4 g6 5.c4 Bg7 6.Nc2 Nf6 7.Nc3 O-O 8.Be2 d6
9.O-O a5 10.Rb1 Bd7 11.f4 Qc8 12.Ne3 Re8 13.Ned5 Nxd5 14.Nxd5 Nb4 15.Nb6 Qc5+
16.Kh1 Qxb6 17.a3 Nc6 18.Rf3 Qd4 19.Qc2 Qf6 20.e5 dxe5 21.fxe5 Bf5 22.Bd3 Bxd3
23.Qf2 Qe6 24.Rxd3 Nxe5 25.Rh3 Qxc4 26.Rh4 Qd3 {#R} 0-1

[Event "Memorial I.Platonov (cat.8)"]
[Site "masterchessopen.com Kiev (Ukraine)"]
[Date "2007.02.05"]
[Round "4"]
[White "Matorin Evgeny (RUS)"]
[Black "Vedmediuc Serghei (MDA)"]
[Result "0-1"]
[WhiteElo "2286"]
[BlackElo "2410"]

1.Nf3 c5 2.c4 Nc6 3.d4 cxd4 4.Nxd4 g6 5.e4 Bg7 6.Nc2 d6 7.Be2 Nh6 8.O-O O-O
9.Nc3 f5 10.Kh1 fxe4 11.Nxe4 Nf5 12.Rb1 Qa5 13.c5 Ncd4 14.Nxd4 Nxd4 15.Bc4+
Kh8 16.cxd6 exd6 17.Nxd6 Qc7 18.Nxc8 Qxc4 19.Ne7 Rf7 20.Re1 Qc5 21.b4 Qd6
22.Bg5 Rxf2 23.Rb3 Raf8 24.h3 Qe5 25.Be3 Nf3 26.Qxf3 R2xf3 27.gxf3 Qxe7 28.Kg2
Qd7 29.Re2 Re8 30.Rc2 Kg8 31.Bf2 Re5 32.h4 Rd5 33.Be3 Bf6 34.Rc4 Rd1 35.Re4
Ra1 36.Kg3 Rxa2 37.Bh6 Qd6+ 38.Bf4 Qd1 {#R} 0-1

[Event "Ch Baden"]
[Site "masterchessopen.com Oberwinden (Germany)"]
[Date "2007.04.08"]
[Round "4"]
[White "Schneider Bernd (GER)"]
[Black "Schroeder Volker Dr (GER)"]
[Result "1-0"]
[WhiteElo "2284"]
[BlackElo "2186"]

1.e4 c5 2.Nf3 Nc6 3.d4 cxd4 4.Nxd4 g6 5.c4 Bg7 6.Nc2 Nf6 7.Nc3 d6 8.Be2 O-O
9.O-O Nd7 10.Nd5 Nc5 11.f3 a5 12.Kh1 f5 13.exf5 Bxf5 14.Nce3 Nd4 15.Nxf5 Rxf5
16.Be3 e6 17.Bxd4 exd5 18.Bxg7 Kxg7 19.cxd5 Qf6 20.Qd2 Qg5 21.Rad1 Qxd2
22.Rxd2 Re8 23.Bb5 Re3 24.Kg1 g5 25.Rfd1 h6 26.Rd4 Re7 27.h4 Kf6 28.hxg5+ hxg5
29.a3 Nb3 30.R4d3 Nc5 31.Rc3 Rf4 32.Rxc5 dxc5 33.d6 Rd4 34.Rxd4 Re1+ 35.Kf2
{#r} 1-0

[Event "Ch Germany (juniors) (under 14) (g)"]
[Site "masterchessopen.com Willingen (Germany)"]
[Date "2007.05.27"]
[Round "2"]
[White "Zimmerer Leah"]
[Black "Sonnhalter Stella (GER)"]
[Result "1-0"]
[WhiteElo "1550"]
[BlackElo "1784"]

1.e4 c5 2.Nf3 Nc6 3.d4 cxd4 4.Nxd4 g6 5.c4 Bg7 6.Nc2 Nf6 7.Nc3 O-O 8.Be2 Rb8
9.O-O a6 10.Re1 Qa5 11.Bd2 Qc7 12.Rb1 Na7 13.Be3 b6 14.Qd2 d6 15.b3 Bd7 16.Nb4
Qc8 17.f3 Be6 18.Rbc1 Qb7 19.Ncd5 Nxd5 20.cxd5 Bd7 21.Bxa6 Qa8 22.Rc7 Bc8
23.Bxc8 Rfxc8 24.Rec1 Rxc7 25.Rxc7 Rb7 26.Qc2 Qb8 27.Rxb7 Qxb7 28.Nc6 Nb5
29.a4 Na7 30.Nxa7 Qxa7 31.Qc8+ Bf8 32.Bh6 {#r} 1-0